[Event "DRUZYNOWE MISTRZOSTWA POLSKI JUNIOROW - II LIGA"]
[Site "Szczyrk, CKiR Orle Gniazdo ul. Wrzosowa 28a"]
[Date "2014-07-29"]
[Round "7.1"]
[White "Knapik, Andrzej"]
[Black "Madej, Roman"]
[Result "1-0"]
[WhiteTitle "I"]
[BlackTitle "I"]
[WhiteElo "1922"]
[BlackElo "1756"]

1. e4 c6 2. d4 d5 3. exd5 cxd5 4. c4 Nf6 5. Nc3 e6 6. Nf3 Bb4 7. cxd5 Nxd5 8. Qc2
Nc6 9. Bd3 Nf6 10. Be3 O-O 11. O-O Be7 12. a3 Bd7 13. Rad1 g6 14. Bh6 Re8 15.
Ne4 Rc8 16. Qe2 Nxe4 17. Qxe4 Bf6 18. Ne5 Nxe5 19. dxe5 Bc6 20. Qe2 Qd5 21. f4
Be7 22. Kh1 Qb3 23. Rc1 Bd5 24. Rfd1 Red8 25. Rxc8 Rxc8 26. h3 Rd8 27. Rd2 a6
28. Kh2 b5 29. Be4 Bh4 30. Rd3 Qc4 31. Bxd5 Rxd5 32. Re3 Qc1 33. Rc3 Qb1 34. Rc8+
Bd8 35. Bg5 Qf5 36. g3 h5 37. Bxd8 f6 38. Bxf6+ Kf7 39. Qc2 Qxc2+ 40. Rxc2 a5
41. Kg2 Rd3 42. g4 hxg4 43. hxg4 a4 44. Kf2 Rh3 45. Ke2 Rg3 46. g5 Rb3 47. Kd2
b4 48. axb4 Rxb4 49. Kc1 Rb3 50. Rc7+ Kf8 51. Rg7 a3 52. bxa3 Rxa3 53. Rxg6 Rf3
54. Rg7 Rxf4 55. Re7 Rc4+ 56. Kd2 Rc6 57. g6 Rc8 58. Rh7 1-0

[Event "DRUZYNOWE MISTRZOSTWA POLSKI JUNIOROW - II LIGA"]
[Site "Szczyrk, CKiR Orle Gniazdo ul. Wrzosowa 28a"]
[Date "2014-07-29"]
[Round "7.2"]
[White "Golenia, Jan"]
[Black "Adamczyk, Pawel"]
[Result "1-0"]
[WhiteTitle "II+"]
[BlackTitle "II+"]
[WhiteElo "1624"]
[BlackElo "1746"]

1. d4 d5 2. Nf3 c6 3. g3 Nf6 4. Bg2 Bf5 5. c3 Nbd7 6. O-O e6 7. Bf4 h6 8. Nbd2
Be7 9. Qb3 Qb6 10. Qxb6 Nxb6 11. h3 g5 12. Be5 Nbd7 13. Bxf6 Bxf6 14. Nh2 Bg6
15. e4 dxe4 16. Bxe4 Bxe4 17. Nxe4 Be7 18. Rfe1 O-O 19. Nd2 c5 20. d5 e5 21. Ng4
Kg7 22. Nxe5 Nxe5 23. Rxe5 Bf6 24. Re2 b5 25. Ne4 Rfd8 26. Rd1 Rac8 27. Red2 Be5
28. Re2 Bb8 29. g4 Rd7 30. d6 c4 31. Red2 Rcd8 32. Kg2 Kg6 33. Rd5 a6 34. a3 Kg7
35. R1d2 Kg6 36. Rc5 Re8 37. Kf3 Red8 38. Rc6 f5 39. gxf5+ Kxf5 40. Rxa6 Ke5 41.
Re2 Kf5 42. Rb6 Bxd6 43. Rxb5+ Kg6 44. Nxd6 Rxd6 45. Rc5 Rd3+ 46. Kg2 Rf8 47.
Re6+ Kg7 48. Rc7+ Kg8 49. Rg6+ Kh8 50. Rxh6+ Kg8 51. Rhh7 Re8 52. Rcg7+ Kf8 53.
Rh8+ Kxg7 54. Rxe8 Rd2 55. Rb8 1-0

[Event "DRUZYNOWE MISTRZOSTWA POLSKI JUNIOROW - II LIGA"]
[Site "Szczyrk, CKiR Orle Gniazdo ul. Wrzosowa 28a"]
[Date "2014-07-29"]
[Round "7.3"]
[White "Pniaczek, Marek"]
[Black "Golenia, Wojciech"]
[Result "1/2-1/2"]
[WhiteTitle "II+"]
[BlackTitle "II+"]
[WhiteElo "1585"]
[BlackElo "1700"]

1. e4 e6 2. d4 d5 3. exd5 exd5 4. c4 Nf6 5. Nf3 Be7 6. Nc3 O-O 7. cxd5 Nxd5 8.
Bc4 Nb6 9. Bb3 Bg4 10. O-O Nc6 11. Be3 Rb8 12. Re1 Bf6 13. h3 Bxf3 14. Qxf3 Nxd4
15. Bxd4 Qxd4 16. Rad1 Qh4 17. Nd5 Nxd5 18. Qxd5 Bxb2 19. Qd7 c6 20. Re7 Qf6 21.
Rd6 Qg5 22. Rxf7 Kh8 23. Qxb7 Qe5 24. Re6 Qa5 25. Qxa7 Qxa7 26. Rxa7 Bd4 27. Rd7
Bxf2+ 28. Kh2 c5 29. Rc6 Bd4 30. Re7 h6 31. Ree6 Rbd8 32. Re2 Rb8 33. Ree6 Rf5
34. Re2 Rbf8 35. Rc2 h5 36. h4 Rf1 37. Bc4 Bg1+ 38. Kh3 R1f5 39. Rg6 R8f6 40.
Rxf6 Rxf6 41. a4 Bd4 1/2-1/2

[Event "DRUZYNOWE MISTRZOSTWA POLSKI JUNIOROW - II LIGA"]
[Site "Szczyrk, CKiR Orle Gniazdo ul. Wrzosowa 28a"]
[Date "2014-07-29"]
[Round "7.4"]
[White "Gawor, Jan Pawel"]
[Black "Kucharska, Honorata"]
[Result "1/2-1/2"]
[WhiteTitle "II"]
[BlackTitle "I+"]
[WhiteElo "1551"]
[BlackElo "1718"]

1. e4 e6 2. d4 d5 3. Nc3 Nf6 4. e5 Nfd7 5. f4 c5 6. Nf3 Nc6 7. Be3 cxd4 8. Nxd4
Bc5 9. Qd2 Bxd4 10. Bxd4 Nxd4 11. Qxd4 Qb6 12. Qxb6 Nxb6 13. Nb5 Ke7 14. Bd3 Bd7
15. Nd4 g6 16. Ke2 a6 17. g4 Rhg8 18. g5 h5 19. h4 Na4 20. Rab1 Rgc8 21. Kd2 Rc7
22. c3 b5 23. Rhc1 Rac8 24. a3 Nc5 25. b4 Na4 26. Rb3 Bc6 27. Be2 Bb7 28. Bd3
Nb6 29. Rbb1 Nc4+ 30. Bxc4 dxc4 31. Ke3 Rd7 32. Rb2 Rd5 33. Rcc2 Ra8 34. Ra2 a5
35. Rd2 Ra7 36. Rdc2 Ra8 37. Rd2 a4 38. Ra1 Rb8 39. Rad1 Ba8 40. Re1 Ke8 41. Red1
1/2-1/2

[Event "DRUZYNOWE MISTRZOSTWA POLSKI JUNIOROW - II LIGA"]
[Site "Szczyrk, CKiR Orle Gniazdo ul. Wrzosowa 28a"]
[Date "2014-07-29"]
[Round "7.5"]
[White "Kasperek, Kinga"]
[Black "Tracz, Marcelina"]
[Result "1/2-1/2"]
[WhiteTitle "I"]
[BlackTitle "I++"]
[WhiteElo "1559"]
[BlackElo "1760"]

1. c4 e5 2. Nc3 Nf6 3. g3 d5 4. cxd5 Nxd5 5. Bg2 Nb6 6. Nf3 Nc6 7. O-O Be7 8. d3
O-O 9. a4 a5 10. Be3 Be6 11. Rc1 Nd5 12. Nxd5 Bxd5 13. Bc5 f6 14. Qc2 Rc8 15.
Bxe7 Qxe7 16. Qc5 Qd6 17. Nd2 Bxg2 18. Kxg2 Nd4 19. e3 Ne6 20. Qxd6 cxd6 21. Nc4
Nc5 22. Nxd6 Rcd8 23. Rxc5 Rxd6 24. Rd1 b6 25. Rc4 Rfd8 26. d4 Rd5 27. b4 b5 28.
axb5 Rxb5 29. bxa5 Rxa5 30. Rc2 Rad5 31. Rcd2 Kf7 32. f4 g5 33. Kf3 h5 34. fxg5
fxg5 35. g4 Kg6 36. h3 hxg4+ 37. hxg4 Kf6 38. dxe5+ Kxe5 39. Rxd5+ Rxd5 40. Rxd5+
Kxd5 41. e4+ Kd4 42. e5 Kxe5 43. Ke3 1/2-1/2

[Event "DRUZYNOWE MISTRZOSTWA POLSKI JUNIOROW - II LIGA"]
[Site "Szczyrk, CKiR Orle Gniazdo ul. Wrzosowa 28a"]
[Date "2014-07-29"]
[Round "7.6"]
[White "Debowska, Michalina"]
[Black "Pyzio, Amelia"]
[Result "1/2-1/2"]
[WhiteTitle "II"]
[BlackTitle "I"]
[WhiteElo "1453"]
[BlackElo "1370"]

1. e4 e6 2. d4 d5 3. e5 Ne7 4. Nf3 Qd7 5. Nc3 b6 6. Bb5 c6 7. Be2 Ba6 8. O-O Bxe2
9. Nxe2 Ng6 10. Qd3 Be7 11. Nf4 c5 12. c3 Nc6 13. Nxg6 hxg6 14. Bg5 Bxg5 15. Nxg5
Rh5 16. Nf3 Ke7 17. Rac1 Rah8 18. Qe3 c4 19. h3 Ke8 20. b3 Na5 21. Rb1 Qe7 22.
b4 Nc6 23. Rfe1 Qd8 24. Kf1 Ne7 25. Qd2 Qd7 26. b5 R5h6 27. Ke2 Nf5 28. Qc2 Nh4
29. Nxh4 Rxh4 30. f3 Qe7 31. Rf1 Qg5 32. Kd1 Kd7 33. Qd2 Qe7 34. Qc2 Ra8 35. Rf2
Rh5 36. Ke2 Qh4 37. Kd1 Qg5 38. Qd2 Qe7 39. Qc2 Qg5 40. Qd2 Qh4 41. Qc2 1/2-1/2

[Event "DRUZYNOWE MISTRZOSTWA POLSKI JUNIOROW - II LIGA"]
[Site "Szczyrk, CKiR Orle Gniazdo ul. Wrzosowa 28a"]
[Date "2014-07-29"]
[Round "7.7"]
[White "Ulanowski, Karol"]
[Black "Teclaf, Pawel"]
[Result "1-0"]
[WhiteTitle "k"]
[BlackTitle "CM"]
[WhiteElo "2124"]
[BlackElo "1979"]

1. e4 c5 2. Nf3 e6 3. d4 cxd4 4. Nxd4 Nc6 5. Nc3 Qc7 6. Be2 a6 7. O-O Nf6 8. Kh1
Bb4 9. Qd3 Be7 10. f4 d6 11. Nxc6 bxc6 12. Qg3 g6 13. e5 Nd7 14. exd6 Bxd6 15.
Ne4 Be7 16. Qc3 Rg8 17. Be3 Bb7 18. Rad1 O-O-O 19. b4 Nb6 20. Qa3 Nd5 21. Bc5
Kb8 22. Bxa6 Bxa6 23. Qxa6 Qb7 24. Qxb7+ Kxb7 25. c4 Nxf4 26. Bxe7 Rxd1 27. Rxd1
Re8 28. Nd6+ 1-0

[Event "DRUZYNOWE MISTRZOSTWA POLSKI JUNIOROW - II LIGA"]
[Site "Szczyrk, CKiR Orle Gniazdo ul. Wrzosowa 28a"]
[Date "2014-07-29"]
[Round "7.8"]
[White "Krawiec, Grzegorz"]
[Black "Wyczling, Bartosz"]
[Result "1-0"]
[WhiteTitle "II"]
[BlackTitle "I"]
[WhiteElo "1564"]
[BlackElo "1766"]

1. e4 c5 2. Nf3 Nc6 3. d4 cxd4 4. Nxd4 Nf6 5. Nc3 e5 6. Ndb5 d6 7. Bg5 a6 8. Na3
b5 9. Nd5 Be7 10. Bxf6 Bxf6 11. c4 b4 12. Nc2 Rb8 13. Qf3 Bg5 14. Rd1 O-O 15.
h4 Bh6 16. g4 Bf4 17. Nxf4 exf4 18. Qxf4 b3 19. axb3 Ne5 20. Nd4 Qa5+ 21. Qd2
Qxd2+ 22. Rxd2 Bxg4 23. Be2 Bd7 24. Kd1 Rb6 25. Kc2 Rfb8 26. Rg1 Bc8 27. Rg3 Bb7
28. f3 Bc8 29. Bd1 Bd7 30. Rdg2 g6 31. h5 Nc6 32. Nxc6 Bxc6 33. Kd3 R6b7 34. Kd4
a5 35. Kc3 Rc7 36. Kd4 Kf8 37. hxg6 fxg6 38. Rg5 Ra7 39. f4 Re8 40. Bc2 Ree7 41.
f5 Be8 42. Rf2 Rf7 43. f6 Rfb7 44. c5 Rb4+ 45. Ke3 Rb5 46. Rd2 Rxc5 47. Rxc5 dxc5
48. Rd5 Rc7 49. Kf4 Rc6 50. e5 Rc8 51. Rd6 Rc6 52. Rxc6 Bxc6 53. Bd3 Bd5 54. Bc4
Bxc4 55. bxc4 h6 56. e6 g5+ 57. Kg4 a4 58. Kh5 Ke8 59. Kxh6 g4 60. Kg7 g3 61.
f7+ 1-0

[Event "DRUZYNOWE MISTRZOSTWA POLSKI JUNIOROW - II LIGA"]
[Site "Szczyrk, CKiR Orle Gniazdo ul. Wrzosowa 28a"]
[Date "2014-07-29"]
[Round "7.9"]
[White "Belczewski, Jacek"]
[Black "Lewandowski, Wiktor"]
[Result "1-0"]
[WhiteTitle "I"]
[BlackTitle "II"]
[WhiteElo "1753"]
[BlackElo "1357"]

1. d4 d5 2. c4 c6 3. e3 Nf6 4. Nc3 Bf5 5. cxd5 cxd5 6. Qb3 Qd7 7. Nf3 e6 8. Bb5
Nc6 9. Ne5 Qc7 10. Qa4 Rc8 11. Qxa7 Bd6 12. Nxc6 bxc6 13. Qxc7 Rxc7 14. Ba4 O-O
15. Bb3 Rb8 16. Bd2 Bd3 17. Ne2 Ra7 18. Rc1 Ra6 19. Nc3 Bb4 20. Na4 Bd6 21. f3
Nd7 22. Kf2 h6 23. Rhe1 f5 24. Red1 Bb5 25. Nc3 c5 26. Bc2 Bc6 27. dxc5 Nxc5 28.
b3 Kf7 29. Rb1 Rab6 30. Ne2 Bd7 31. Bc3 Ra6 32. a4 Rab6 33. Bd4 R6b7 34. Bxc5
Bxc5 35. f4 Kf6 36. Nd4 Bd6 37. Bd3 Bc5 38. Nb5 Ra8 39. Rdc1 Bb4 40. Rc2 Ba5 41.
Rbc1 Ke7 42. Ke2 Bd8 43. h3 h5 44. Kf3 Kf6 45. g3 g6 46. Rg1 Ba5 47. g4 hxg4+
48. hxg4 Rh8 49. gxf5 gxf5 50. Rcg2 Rh7 51. Rg6+ Ke7 52. Rc1 Rh3+ 53. Rg3 Rh2
54. Rg2 Rh3+ 55. Rg3 Rh2 56. Rcg1 Rh7 57. Rg7+ Rxg7 58. Rxg7+ Kf8 59. Rg1 Ke7
60. Rb1 Bb4 61. Rc1 Ba5 62. Ke2 Kf6 63. Nd4 Bb6 64. Nf3 Ba5 65. Rb1 Bb4 66. Nd4
Ke7 67. Bb5 Bxb5+ 68. Nxb5 Kd7 69. Kd3 Rb6 70. Rc1 Rb7 71. Nd4 Bd6 72. Rb1 Bb4
73. Nc2 Be7 74. b4 Kc6 75. Nd4+ Kd7 76. b5 Bc5 77. Nc6 Bd6 78. a5 Kc7 79. Nd4
Kd7 80. b6 Bc5 81. Rb5 Kd6 82. Nb3 Ba3 83. a6 Rb8 84. a7 Rh8 85. b7 Kc7 86. b8=Q+
1-0

[Event "DRUZYNOWE MISTRZOSTWA POLSKI JUNIOROW - II LIGA"]
[Site "Szczyrk, CKiR Orle Gniazdo ul. Wrzosowa 28a"]
[Date "2014-07-29"]
[Round "7.10"]
[White "Fiedorek, Michal"]
[Black "Lipiak, Mateusz"]
[Result "0-1"]
[WhiteTitle "II"]
[BlackTitle "I"]
[WhiteElo "1405"]
[BlackElo "1541"]

1. e4 e6 2. d4 d5 3. exd5 exd5 4. c4 Nf6 5. Nf3 Bb4+ 6. Bd2 Bxd2+ 7. Nbxd2 O-O
8. Be2 Bg4 9. O-O dxc4 10. Nxc4 c6 11. Nce5 Bxf3 12. Nxf3 Nbd7 13. Qc2 Nb6 14.
Bd3 Qc7 15. Rfe1 Rad8 16. Rad1 Nbd5 17. g3 Nb4 18. Qb3 Nxd3 19. Qxd3 Rd5 20. Re5
Rd7 21. Qc2 Rfd8 22. Re2 Qa5 23. Qb3 Qd5 24. Qxd5 Rxd5 25. Re5 Kf8 26. Kf1 Rxe5
27. Nxe5 Nd7 28. Nxd7+ Rxd7 29. Ke2 Ke7 30. Ke3 Kd6 31. Kd3 Re7 32. Rd2 Kd5 33.
Rc2 b6 34. Rd2 Re4 35. Kc3 g6 36. h3 h5 37. h4 f5 38. b3 a5 39. a3 b5 40. b4 a4
41. Rd3 Re2 42. Re3 Rxe3+ 43. fxe3 Ke4 44. Kd2 Kf3 45. Kd3 Kxg3 46. e4 fxe4+ 47.
Kxe4 Kxh4 48. Ke5 g5 49. Kd6 g4 50. Kxc6 g3 51. d5 g2 52. d6 g1=Q 53. d7 Qg6+
54. Kc7 Qf7 55. Kc8 Qe6 56. Kc7 Qe7 57. Kc8 Kg5 58. d8=Q Qxd8+ 59. Kxd8 h4 60.
Kc7 h3 61. Kb6 h2 62. Kxb5 h1=Q 63. Kxa4 Qa8+ 64. Kb3 Kf5 65. a4 Ke5 66. b5 Qa5
67. Ka3 Kd4 68. Kb3 Kd3 69. Ka3 Kc2 0-1

[Event "DRUZYNOWE MISTRZOSTWA POLSKI JUNIOROW - II LIGA"]
[Site "Szczyrk, CKiR Orle Gniazdo ul. Wrzosowa 28a"]
[Date "2014-07-29"]
[Round "7.11"]
[White "Olechnicka, Karolina"]
[Black "Maciak, Gabriela"]
[Result "0-1"]
[WhiteTitle "I++"]
[BlackTitle "II"]
[WhiteElo "1723"]
[BlackElo "1385"]

1. e4 c5 2. Nf3 a6 3. d4 cxd4 4. Nxd4 Nf6 5. Nc3 e5 6. Nb3 Bb4 7. Bc4 Qc7 8. Qd3
b5 9. Bd5 Nxd5 10. exd5 Bxc3+ 11. bxc3 d6 12. O-O f5 13. Nd2 O-O 14. c4 bxc4 15.
Nxc4 Nd7 16. Ba3 Nc5 17. Qf3 Rf6 18. Nxe5 Ne4 19. Nc6 Bb7 20. Rad1 Bxc6 21. dxc6
Qa5 22. Qb3+ Kh8 23. Qb7 Raf8 24. Bb4 Qxa2 25. c7 Qc4 26. f3 Nc3 27. Bxc3 Qxc3
28. Rd3 Qc5+ 29. Rf2 R6f7 30. Qxa6 Qxc7 31. Qxd6 Qa7 32. g3 h6 33. c4 Rc8 34.
Qd4 Qe7 35. Kg2 Qb4 36. Rc3 Re7 37. Rc1 Rce8 38. Qc3 Qc5 39. Qd3 Re3 40. Qd5 Qa3
41. Qd2 Rd3 42. Qc2 Ree3 43. Rcf1 Rc3 44. Qxf5 Rxc4 45. Qf8+ Qxf8 0-1

[Event "DRUZYNOWE MISTRZOSTWA POLSKI JUNIOROW - II LIGA"]
[Site "Szczyrk, CKiR Orle Gniazdo ul. Wrzosowa 28a"]
[Date "2014-07-29"]
[Round "7.12"]
[White "Karykowska, Anna"]
[Black "Zalewska, Katarzyna"]
[Result "1-0"]
[WhiteTitle "I+"]
[BlackTitle "I"]
[WhiteElo "1528"]
[BlackElo "1360"]

1. e4 e5 2. Nf3 Nc6 3. Nc3 Bc5 4. Bc4 Nf6 5. O-O d6 6. d3 O-O 7. h3 Be6 8. Bxe6
fxe6 9. Na4 Bb6 10. Nxb6 axb6 11. Re1 Qe7 12. d4 exd4 13. Nxd4 Nxd4 14. Qxd4 e5
15. Qc4+ Qf7 16. Qxf7+ Rxf7 17. c4 Nd7 18. Be3 Rff8 19. a4 Ra6 20. b3 Rfa8 21.
Re2 Nb8 22. Rea2 Nc6 23. Rd2 Kf7 24. Kf1 Ke6 25. Ke2 Ne7 26. Rad1 Rf8 27. Rd3
Raa8 28. R1d2 h6 29. Ra2 Rf7 30. Rad2 Ng6 31. g3 Ne7 32. Bxb6 Ng8 33. Be3 Nf6
34. f3 Raf8 35. Bg1 Nh7 36. h4 g5 37. h5 g4 38. fxg4 Nf6 39. Kd1 Nxg4 40. Kc2
Nf6 41. Re3 Rg8 42. Rg2 Rh7 43. Bf2 Nxh5 44. Be1 Nf6 45. b4 Rg4 46. Rge2 Rhg7
47. a5 Nd7 48. b5 Nb8 49. Ra3 c6 50. Bf2 c5 51. Rd3 h5 52. Ra3 Rd7 53. Rb3 Rg8
54. Kd2 Rf7 55. Ra3 Rgf8 56. Ke1 Rf3 57. Rxf3 Rxf3 58. Re3 Rf8 59. Ke2 Nd7 60.
Rf3 Rxf3 61. Kxf3 Kf6 1-0

[Event "DRUZYNOWE MISTRZOSTWA POLSKI JUNIOROW - II LIGA"]
[Site "Szczyrk, CKiR Orle Gniazdo ul. Wrzosowa 28a"]
[Date "2014-07-29"]
[Round "7.13"]
[White "Ziabek, Patryk"]
[Black "Tomaszewski, Kacper"]
[Result "0-1"]
[WhiteTitle "I"]
[BlackTitle "I++"]
[WhiteElo "1896"]
[BlackElo "2012"]

1. e4 c6 2. d4 d5 3. Nc3 dxe4 4. Nxe4 Bf5 5. Ng3 Bg6 6. h4 h6 7. Nf3 Nd7 8. h5
Bh7 9. Bd3 Bxd3 10. Qxd3 e6 11. Bd2 Ngf6 12. O-O-O Be7 13. Qe2 c5 14. dxc5 Qc7
15. Bc3 O-O 16. Ne5 Nxc5 17. f4 Rad8 18. Kb1 Rxd1+ 19. Rxd1 Rd8 20. Rf1 Na4 21.
Rf3 Qb6 22. Nc4 Nxc3+ 23. Rxc3 Qg1+ 24. Nf1 Qf2 25. Ng3 Qg1+ 26. Nf1 Qxg2 27.
Qe1 Bb4 28. Nce3 Bxc3 29. bxc3 Qf3 30. f5 exf5 31. Nd2 Qf4 32. Ndc4 b5 33. Nb2
Re8 0-1

[Event "DRUZYNOWE MISTRZOSTWA POLSKI JUNIOROW - II LIGA"]
[Site "Szczyrk, CKiR Orle Gniazdo ul. Wrzosowa 28a"]
[Date "2014-07-29"]
[Round "7.14"]
[White "Maj, Kornel"]
[Black "Bazant, Tomasz"]
[Result "1-0"]
[WhiteTitle "II"]
[BlackTitle "II"]
[WhiteElo "1907"]
[BlackElo "1545"]

1. e4 e5 2. Nf3 Nc6 3. Bc4 Bc5 4. c3 Nf6 5. d4 exd4 6. cxd4 Bb4+ 7. Nc3 Nxe4 8.
O-O Bxc3 9. d5 Ne7 10. bxc3 O-O 11. Bd3 Nf6 12. c4 d6 13. Bb2 Ng6 14. Qc2 Bd7
15. h4 Nh5 16. g3 Bg4 17. Ng5 c6 18. Bf5 Bxf5 19. Qxf5 Qc8 20. Qf3 Nf6 21. Bxf6
gxf6 22. Qxf6 Qd8 23. Qf3 f6 24. Ne6 Qd7 25. Nxf8 Rxf8 26. dxc6 bxc6 27. Rad1
f5 28. h5 Ne5 29. Qf4 Qe7 30. c5 Rf6 31. cxd6 Rxd6 32. Rxd6 Qxd6 33. Re1 Nf7 34.
Qxd6 Nxd6 35. Re6 Ne4 36. Rxc6 1-0

[Event "DRUZYNOWE MISTRZOSTWA POLSKI JUNIOROW - II LIGA"]
[Site "Szczyrk, CKiR Orle Gniazdo ul. Wrzosowa 28a"]
[Date "2014-07-29"]
[Round "7.15"]
[White "Janiszewski, Filip"]
[Black "Bilczewski, Kacper"]
[Result "1-0"]
[WhiteTitle "I"]
[BlackTitle "I"]
[WhiteElo "1825"]
[BlackElo "1834"]

1. e4 e6 2. d4 d5 3. Nd2 Nf6 4. e5 Nfd7 5. Bd3 c5 6. c3 Nc6 7. Ne2 cxd4 8. cxd4
f6 9. exf6 Nxf6 10. Nf3 Bd6 11. O-O O-O 12. Bg5 Qc7 13. Bh4 Nh5 14. Qc2 g6 15.
Bxg6 Nf4 16. Bd3 Qg7 17. Nxf4 Rxf4 18. Bg3 Rxf3 19. gxf3 Nxd4 20. Qd1 e5 21. Kh1
Bh3 22. Rg1 Kh8 23. Be2 Rg8 24. Qd2 Qf6 25. Rad1 Rc8 26. Rc1 Rxc1 27. Rxc1 Nxf3
28. Qxd5 Nd4 29. Bc4 Be6 30. Qxb7 Bg4 31. Qa8+ Kg7 32. Qg8+ Kh6 33. Qxg4 1-0

[Event "DRUZYNOWE MISTRZOSTWA POLSKI JUNIOROW - II LIGA"]
[Site "Szczyrk, CKiR Orle Gniazdo ul. Wrzosowa 28a"]
[Date "2014-07-29"]
[Round "7.17"]
[White "Gudelajtis, Anna"]
[Black "Stebel, Agata"]
[Result "1/2-1/2"]
[WhiteTitle "I"]
[BlackTitle "I"]
[WhiteElo "1507"]
[BlackElo "1616"]

1. e4 e5 2. Nf3 Nf6 3. Nc3 Nc6 4. Bb5 a6 5. Bxc6 dxc6 6. d3 Bd6 7. Be3 Qe7 8. a3
O-O 9. O-O Bg4 10. h3 Bh5 11. Nb1 Bc5 12. Qe2 Rad8 13. Nbd2 b5 14. Qe1 Bxe3 15.
Qxe3 c5 16. a4 Ra8 17. Nh4 Nd7 18. Nf5 Qe6 19. b3 Bg6 20. Ng3 f6 21. Rfe1 Rfd8
22. Ra2 Qc6 23. Rea1 b4 24. Nc4 a5 25. Re1 Nf8 26. Raa1 Ne6 27. Ne2 Bf7 28. Nd2
Nd4 29. Nxd4 cxd4 30. Qe2 Ra6 31. Nc4 Bxc4 32. dxc4 Qd7 33. Qd3 c5 34. Rad1 Rd6
35. Rd2 Qe6 36. Red1 Qd7 37. Qf3 Qe6 38. Qd3 Qd7 39. Qf3 Qe6 40. Qd3 Qd7 41. Qf3
1/2-1/2

[Event "DRUZYNOWE MISTRZOSTWA POLSKI JUNIOROW - II LIGA"]
[Site "Szczyrk, CKiR Orle Gniazdo ul. Wrzosowa 28a"]
[Date "2014-07-29"]
[Round "7.18"]
[White "Robakowska, Paulina"]
[Black "Wawrzyniak, Weronika"]
[Result "1-0"]
[WhiteTitle "II"]
[BlackTitle "II"]
[WhiteElo "1274"]
[BlackElo "1216"]

1. c4 c5 2. Nf3 Nc6 3. Nc3 Nf6 4. d4 cxd4 5. Nxd4 a6 6. g3 e6 7. Bg2 Be7 8. O-O
O-O 9. b3 Qc7 10. Nxc6 bxc6 11. Bb2 d5 12. cxd5 cxd5 13. Rc1 Qa7 14. e3 Bb7 15.
Na4 Rac8 16. Qd2 Ne4 17. Bxe4 dxe4 18. Qd7 Bb4 19. Rxc8 Rxc8 20. Be5 h6 21. Rd1
Ba5 22. Qe7 Qa8 23. Rd7 Rc1+ 24. Kg2 Qf8 25. Qxf8+ Kxf8 26. Rxb7 Rc2 27. Bd6+
Kg8 28. a3 Be1 29. Rc7 Rxf2+ 30. Kh3 h5 31. Nc5 g5 32. Nxe4 g4+ 33. Kh4 Rxh2+
34. Kg5 f5 35. Nf6+ Kh8 36. Rh7# 1-0

[Event "DRUZYNOWE MISTRZOSTWA POLSKI JUNIOROW - II LIGA"]
[Site "Szczyrk, CKiR Orle Gniazdo ul. Wrzosowa 28a"]
[Date "2014-07-29"]
[Round "7.19"]
[White "Tomczak, Mikolaj"]
[Black "Snihur, Piotr"]
[Result "1/2-1/2"]
[WhiteTitle "k"]
[BlackTitle "k"]
[WhiteElo "2158"]
[BlackElo "2147"]

1. e4 c5 2. Nc3 Nc6 3. Bb5 Nd4 4. Bc4 d6 5. Nge2 g6 6. Nxd4 cxd4 7. Ne2 Bg7 8.
d3 e6 9. c3 dxc3 10. Nxc3 Ne7 11. O-O O-O 12. Bg5 h6 13. Bf4 a6 14. d4 b5 15.
Bb3 Bb7 16. a3 Rc8 17. Qd2 Kh7 18. Ba2 Qb6 19. Be3 b4 20. axb4 Qxb4 21. Rfc1 a5
22. Bb1 Bc6 23. Ne2 Bb5 24. Nc3 Bc6 25. Ne2 Bb5 26. Nc3 Bc6 27. Ne2 1/2-1/2

[Event "DRUZYNOWE MISTRZOSTWA POLSKI JUNIOROW - II LIGA"]
[Site "Szczyrk, CKiR Orle Gniazdo ul. Wrzosowa 28a"]
[Date "2014-07-29"]
[Round "7.20"]
[White "Matlewski, Adam"]
[Black "Pilzak, Marcin"]
[Result "1/2-1/2"]
[WhiteTitle "I"]
[BlackTitle "I++"]
[WhiteElo "1685"]
[BlackElo "1974"]

1. Nf3 Nf6 2. c4 e6 3. g3 d5 4. Bg2 Be7 5. d4 O-O 6. O-O dxc4 7. Ne5 Nc6 8. Nxc6
bxc6 9. Bxc6 Rb8 10. Nc3 Qd6 11. d5 exd5 12. Bxd5 Rd8 13. e4 Bh3 14. Re1 Ng4 15.
Qe2 Qb6 16. Be3 Qxb2 17. Qxb2 Rxb2 18. Re2 Rxe2 19. Nxe2 Nxe3 20. fxe3 Bc5 21.
Kf2 Be6 22. Bxe6 fxe6 23. Rc1 Rd3 24. Rxc4 Bb6 25. Nd4 Rd2+ 26. Kf3 e5 27. Nc6
Rxa2 28. Nxe5 Rxh2 29. Nc6 Kf7 30. Ra4 Rc2 31. Nxa7 Rc3 32. Nb5 Rxe3+ 33. Kf4
Kf6 34. Rc4 g5+ 35. Kg4 c5 36. Nc3 Kg6 37. Nd5 h5+ 38. Kh3 Re2 39. g4 Bd8 40.
gxh5+ Kxh5 41. Kg3 Rd2 42. Rxc5 Rd3+ 43. Kg2 Kh4 1/2-1/2

[Event "DRUZYNOWE MISTRZOSTWA POLSKI JUNIOROW - II LIGA"]
[Site "Szczyrk, CKiR Orle Gniazdo ul. Wrzosowa 28a"]
[Date "2014-07-29"]
[Round "7.21"]
[White "Nowak, Mikolaj"]
[Black "Leskiewicz, Ignacy"]
[Result "1/2-1/2"]
[WhiteTitle "I"]
[BlackTitle "I"]
[WhiteElo "1717"]
[BlackElo "1683"]

1. e4 c5 2. Nf3 d6 3. c3 Nf6 4. Bd3 Nc6 5. Bc2 Bg4 6. d3 e6 7. Nbd2 Be7 8. Nf1
O-O 9. h3 Bxf3 10. Qxf3 d5 11. Ng3 Ne5 12. Qe2 d4 13. c4 a6 14. O-O b5 15. b3
bxc4 16. bxc4 Nc6 17. Ba4 Qc7 18. Bd2 Rab8 19. Rab1 Rxb1 20. Rxb1 Rb8 21. Rxb8+
Nxb8 22. e5 Nfd7 23. f4 Nb6 24. Bd1 N8d7 25. Qe4 Nf8 26. Ba5 Qb8 27. Qc6 Nbd7
28. Bb3 g5 29. Bd2 gxf4 30. Bxf4 Nxe5 31. Qe4 Nfg6 32. Nh5 a5 33. Bd2 a4 34. Bxa4
Qb1+ 35. Kh2 Qxd3 36. Qxd3 Nxd3 37. Bb5 e5 38. Ng3 Bd6 39. Ne4 Bb8 40. g4 Ngf4
41. Bxf4 exf4 42. Kg2 Nc1 43. a4 d3 44. Nd2 Kg7 45. Kf3 Bc7 46. Ne4 Ba5 47. Nf2
d2 48. Nd1 Na2 49. Ke2 Nc1+ 50. Kf3 Bc7 51. a5 Bxa5 52. Kxf4 Kf6 53. h4 Ke6 54.
Ba4 Nd3+ 55. Kg5 Bd8+ 56. Kh5 Nf4+ 57. Kh6 Bxh4 58. Kxh7 Ng6 59. Kh6 Ne5 60. g5
Nf3 61. g6 fxg6 62. Kxg6 Ke5 63. Kh5 Bd8 64. Kg4 Nd4 65. Nf2 Be7 66. Bd1 Ne6 67.
Kf3 Kd4 68. Ne4 Ng5+ 69. Nxg5 Bxg5 70. Ke2 Kxc4 71. Bc2 Kc3 72. Kd1 c4 73. Bh7
Kb2 74. Be4 c3 75. Bf5 Bf4 1/2-1/2

[Event "DRUZYNOWE MISTRZOSTWA POLSKI JUNIOROW - II LIGA"]
[Site "Szczyrk, CKiR Orle Gniazdo ul. Wrzosowa 28a"]
[Date "2014-07-29"]
[Round "7.22"]
[White "Krol, Marcin"]
[Black "Dembinski, Bartosz"]
[Result "1-0"]
[WhiteTitle "II+"]
[BlackTitle "II"]
[WhiteElo "1595"]
[BlackElo "1261"]

1. Nf3 Nf6 2. d4 e6 3. c4 d5 4. g3 Be7 5. Bg2 O-O 6. O-O dxc4 7. Ne5 Nbd7 8. Nxc4
c6 9. Nc3 Nb6 10. b3 Nbd5 11. Bb2 Bb4 12. Rc1 Qe7 13. e4 Nxc3 14. Bxc3 Bxc3 15.
Rxc3 Rd8 16. e5 Nd5 17. Bxd5 Rxd5 18. Nd6 f6 19. f4 Kf8 20. Qd3 f5 21. Rc5 Qc7
22. Rfc1 Rxc5 23. dxc5 Bd7 24. Rd1 Rd8 25. Qf3 g6 26. g4 Be8 27. gxf5 exf5 28.
e6 b6 29. Qc3 Qg7 30. Qxg7+ Kxg7 31. Nxe8+ Rxe8 32. Rd7+ Kf6 33. Rxa7 bxc5 34.
Rxh7 Rxe6 35. Kf2 Rd6 36. Ke3 Ke6 37. Rg7 Kd5 38. Re7 Rd8 39. Re5+ Kd6 40. Kd3
g5 41. Ke3 Rf8 42. Kf3 Rh8 43. Re2 g4+ 44. Kg2 Rb8 45. Rd2+ Kc7 46. Re2 Rb4 47.
Kg3 Rd4 48. Rf2 Kb6 49. Kh4 Kb5 50. Kg5 Rd5 51. Re2 Kb4 52. Rc2 Ka3 53. Kf6 Kb4
54. Kg5 Ka3 55. Kf6 Kb4 56. Rc4+ Kb5 57. a4+ Kb6 58. Ke6 Ka6 59. b4 Kb6 60. Rxc5
Rd2 61. Kxf5 Rxh2 62. Kxg4 Ra2 63. a5+ Kb7 64. f5 Rf2 65. Rc4 Rg2+ 66. Kf4 Rh2
67. Ke5 Rf2 68. f6 Re2+ 69. Re4 Rf2 70. Ke6 Ka6 71. f7 1-0

[Event "DRUZYNOWE MISTRZOSTWA POLSKI JUNIOROW - II LIGA"]
[Site "Szczyrk, CKiR Orle Gniazdo ul. Wrzosowa 28a"]
[Date "2014-07-29"]
[Round "7.23"]
[White "Glapa, Anna"]
[Black "Momot, Weronika"]
[Result "1-0"]
[WhiteTitle "I++"]
[BlackTitle "I"]
[WhiteElo "1680"]
[BlackElo "1479"]

1. e4 e6 2. d4 d5 3. Nc3 Nf6 4. e5 Nfd7 5. Nf3 c5 6. dxc5 Nc6 7. Bf4 Bxc5 8. Bd3
f6 9. exf6 Nxf6 10. O-O O-O 11. Qe2 a6 12. Ne5 Nxe5 13. Bxe5 Bd6 14. Rae1 Qc7
15. h3 b5 16. a3 Bd7 17. Nb1 Rae8 18. Nd2 Bc6 19. Nf3 Nd7 20. Bxd6 Qxd6 21. Bxh7+
Kh8 22. Bg6 Rb8 23. Ng5 Nf6 24. Nf7+ Rxf7 25. Bxf7 Bd7 26. Qe5 Qxe5 27. Rxe5 Rc8
28. c3 a5 29. Bxe6 Bxe6 30. Rxe6 Rb8 31. Ra6 b4 32. Rxa5 bxc3 33. bxc3 Rc8 34.
Rc1 d4 35. c4 d3 36. Rd1 Rd8 37. Rd5 Nxd5 38. Rxd3 Kg8 39. Rxd5 Rc8 40. Rd4 Rc5
41. Kf1 Kf7 42. Ke2 Ke6 43. Ke3 Ke5 44. Rd5+ 1-0

[Event "DRUZYNOWE MISTRZOSTWA POLSKI JUNIOROW - II LIGA"]
[Site "Szczyrk, CKiR Orle Gniazdo ul. Wrzosowa 28a"]
[Date "2014-07-29"]
[Round "7.25"]
[White "Banach, Szymon"]
[Black "Klimek, Marcin"]
[Result "1-0"]
[WhiteTitle "I+"]
[BlackTitle "I"]
[WhiteElo "1891"]
[BlackElo "1800"]

1. e4 e5 2. Nf3 Nc6 3. Bb5 f5 4. d3 Nf6 5. O-O Bc5 6. exf5 O-O 7. Bg5 Qe8 8. Nc3
d6 9. Bxf6 gxf6 10. Nd5 Qd7 11. Nh4 Rf7 12. b4 a6 13. Bc4 Kf8 14. bxc5 dxc5 15.
Qh5 b5 16. Qh6+ Ke8 17. Nxf6+ Rxf6 18. Qxf6 bxc4 19. Qh8+ Ke7 20. Qxh7+ Kd8 21.
Qh8+ Qe8 22. Qf6+ Ne7 23. dxc4 1-0